| Tag |
First Indicator |
Second Indicator |
Subfields |
| LEADER |
00000cam a2200000 a 4500 |
| 001 |
in00000974449 |
| 005 |
20150927080846.0 |
| 008 |
890626s1989 nyu b 00100 eng |
| 010 |
|
|
|a 89036633
|
| 020 |
|
|
|a 0873325362 :
|c $37.50
|
| 020 |
|
|
|a 0873326237 (pbk.) :
|c $15.95
|
| 035 |
|
|
|a (OCoLC)20057100
|
| 035 |
|
|
|9 AEV7404AM
|
| 040 |
|
|
|a DLC
|c DLC
|d TXA
|d UtOrBLW
|
| 043 |
|
|
|a a-cc---
|
| 049 |
|
|
|a TXAM
|
| 050 |
0 |
0 |
|a PL2278
|b .M64 1989
|
| 082 |
0 |
0 |
|a 895.1/099287
|2 20
|
| 245 |
0 |
0 |
|a Modern Chinese women writers :
|b critical appraisals /
|c edited with an introduction by Michael S. Duke.
|
| 264 |
|
1 |
|a Armonk, N.Y. :
|b M.E. Sharpe,
|c [1989]
|
| 264 |
|
4 |
|c ©1989
|
| 300 |
|
|
|a xviii, 272 pages ;
|c 24 cm.
|
| 336 |
|
|
|a text
|b txt
|2 rdacontent
|
| 337 |
|
|
|a unmediated
|b n
|2 rdamedia
|
| 338 |
|
|
|a volume
|b nc
|2 rdacarrier
|
| 500 |
|
|
|a "A East gate book."
|
| 504 |
|
|
|a Includes bibliographical references and index.
|
| 650 |
|
0 |
|a Chinese literature
|x Women authors
|x History and criticism.
|
| 650 |
|
0 |
|a Chinese literature
|y 20th century
|x History and criticism.
|
| 700 |
1 |
|
|a Duke, Michael S.
|
| 999 |
|
|
|a MARS
|
| 999 |
f |
f |
|s 12860291-3926-390a-be98-c1c0eeb514d9
|i bb7b2275-3d17-3ff9-beeb-8f5be73e16f4
|t 0
|
| 952 |
f |
f |
|p normal
|a Texas A&M University
|b College Station
|c Sterling C. Evans Library
|d Evans: Library Stacks
|t 0
|e PL2278 .M64 1989
|h Library of Congress classification
|i unmediated -- volume
|m A14813454702
|
| 998 |
f |
f |
|a PL2278 .M64 1989
|t 0
|l Evans: Library Stacks
|